00641nam a22001817a 4500003000400000008004100004020001800045082001800063100001800081245006100099250001300160260003400173300001700207650003400224942001200258999001700270952017200287OSt260624b |||||||| |||| 00| 0 eng d a9780367349899 a572.863bW24N aWang, Xinkun  aNext-Generation Sequencing Data Analysis/ by Xinkun Wang a1st. ed. aNew York: bCRC Press, c2024 axvii, 416 p. aBiology I Molecular Structure 2ddccBK c52267d52267 00102ddc4070aRAUbRAUcGENd2026-06-24eToday & Tomorrow Printers and Publishers g11199.00l0o572.863 W24Np87519r2026-06-24w2026-01-29yBKkBill No. IN-00449